| 000 | 00695nam a2200229Ia 4500 | ||
|---|---|---|---|
| 003 | OSt | ||
| 005 | 20220918205523.0 | ||
| 006 | a|||||r|||| 00| 0 | ||
| 007 | ta | ||
| 008 | 220917b |||||||| |||| 00| 0 eng d | ||
| 024 | _a116,925 | ||
| 037 | _cTextual | ||
| 040 |
_aARTS _cARTS _beng |
||
| 041 |
_2eng _aeng |
||
| 082 | _aV63:258(W:48):N3, K2 (Y1D);1 (906) | ||
| 100 |
_aIqbal Narain _991747 |
||
| 245 | 0 |
_aPolitics of racialism _b a study of the Indian minority in South Africa down to the Gandhi-Smuts agreement |
|
| 260 | _c1962 | ||
| 650 | _aHISTORY | ||
| 942 |
_hV63:258(W:48):N3, K2 (Y1D);1 (906) _cTEXL _2CC |
||
| 999 |
_c240244 _d240244 |
||